| 000 | 00476nam a22001937a 4500 | ||
|---|---|---|---|
| 005 | 20260423131426.0 | ||
| 008 | 260423b |||||||| |||| 00| 0 eng d | ||
| 020 |
_a9789391818920 _c695.00 |
||
| 040 | _aMAIN | ||
| 041 | _aEnglish | ||
| 082 |
_a658.84 _bJOS |
||
| 100 |
_aJoseph, P.T. _93873 |
||
| 245 |
_aE Commerce _b: An Indian Perspective |
||
| 250 | _a7th | ||
| 260 |
_aNew Delhi _bPHI _c2025 |
||
| 300 | _a519 | ||
| 650 |
_aCommerce (PM USHA) _926705 |
||
| 942 | _cBK | ||
| 999 |
_c60701 _d60701 |
||